[Event "Abe Yanofsky mem. U1800"]
[Site "Winnipeg CAN"]
[Date "2012.07.29"]
[Round "4"]
[White "Wolchock, Theo"]
[Black "Campbell, Jamie"]
[Result "1-0"]
[WhiteElo "1735"]
[BlackElo "1582"]
[PlyCount "109"]
[GameId "2160767909441882"]
[EventDate "2012.07.27"]
[EventType "swiss"]
[EventRounds "5"]
[EventCountry "CAN"]
[SourceTitle "EXT 2022"]
[Source "ChessBase"]
[SourceDate "2021.10.06"]
[SourceVersion "1"]
[SourceVersionDate "2021.10.06"]
[SourceQuality "1"]

1. c4 c5 2. g3 g6 3. Bg2 Bg7 4. Nc3 Nc6 5. e3 e5 6. Nge2 Nge7 7. O-O O-O 8. d3 d6 9. a3 a5 10. Rb1 Be6 11. Bd2 Rb8 12. Nb5 Qd7 13. Re1 b6 14. b4 axb4 15. axb4 Na7 16. Nxa7 Qxa7 17. Nc3 Qd7 18. bxc5 bxc5 19. Qa4 Rfd8 20. Qxd7 Bxd7 21. Ra1 Rb2 22. Ne4 f5 23. Ba5 Nc6 24. Nxd6 Ra8 25. Bc3 Rba2 26. Rxa2 Rxa2 27. Rb1 Rc2 28. Bd5+ Kf8 29. Rb7 Rxc3 30. Rxd7 Nb4 31. Be6 Rxd3 32. Rf7+ Kg8 33. Re7+ Kh8 34. Nf7+ Kg8 35. Re8+ Bf8 36. Nxe5+ Kg7 37. Nxd3 Nxd3 38. Kf1 Nb4 39. Ke2 h6 40. f3 Bd6 41. Rd8 Be7 42. Rd2 Kf6 43. Bd5 g5 44. e4 Bd6 45. exf5 Kxf5 46. Be4+ Ke6 47. Bd5+ Ke7 48. Ke3 h5 49. Ke4 Kf6 50. Bf7 Bxg3 51. hxg3 Kxf7 52. Kf5 h4 53. gxh4 gxh4 54. Kg4 Nc6 55. Rd5 1-0

[Event "Abe Yanofsky mem. U1800"]
[Site "Winnipeg CAN"]
[Date "2012.07.29"]
[Round "5"]
[White "Avena, Danilo"]
[Black "Remillard, John"]
[Result "0-1"]
[WhiteElo "1756"]
[BlackElo "1583"]
[PlyCount "74"]
[GameId "2160767909441883"]
[EventDate "2012.07.27"]
[EventType "swiss"]
[EventRounds "5"]
[EventCountry "CAN"]
[SourceTitle "EXT 2022"]
[Source "ChessBase"]
[SourceDate "2021.10.06"]
[SourceVersion "1"]
[SourceVersionDate "2021.10.06"]
[SourceQuality "1"]

1. b3 Nf6 2. Bb2 e6 3. c4 Be7 4. Nf3 O-O 5. Nc3 d5 6. cxd5 Nxd5 7. e4 Nxc3 8. Bxc3 Bf6 9. e5 Be7 10. Qc2 b6 11. Bd3 h6 12. Be4 c6 13. O-O Ba6 14. Rfe1 Qc7 15. Rac1 Nd7 16. b4 Rac8 17. d4 Bc4 18. Bd2 b5 19. a3 Nb6 20. Be3 Nd5 21. Nd2 Nxe3 22. fxe3 Bd5 23. Bd3 a5 24. e4 Bc4 25. Nxc4 bxc4 26. Qxc4 axb4 27. axb4 Qb6 28. Red1 Bg5 29. Qc5 Be3+ 30. Kf1 Bxd4 31. Qxb6 Bxb6 32. Ba6 Ra8 33. Bb7 Ra2 34. Rxc6 Rf2+ 35. Kg1 Rd2+ 36. Rxb6 Rxd1+ 37. Kf2 Rb1 0-1

[Event "Abe Yanofsky mem. U1800"]
[Site "Winnipeg CAN"]
[Date "2012.07.29"]
[Round "5"]
[White "Campbell, Jamie"]
[Black "Baron, Cody"]
[Result "1-0"]
[WhiteElo "1582"]
[BlackElo "1551"]
[PlyCount "51"]
[GameId "2160767909441884"]
[EventDate "2012.07.27"]
[EventType "swiss"]
[EventRounds "5"]
[EventCountry "CAN"]
[SourceTitle "EXT 2022"]
[Source "ChessBase"]
[SourceDate "2021.10.06"]
[SourceVersion "1"]
[SourceVersionDate "2021.10.06"]
[SourceQuality "1"]

1. Nf3 Nf6 2. g3 c6 3. c4 d5 4. b3 Bf5 5. Bg2 e6 6. O-O Bd6 7. Bb2 h6 8. d3 Nbd7 9. Nbd2 O-O 10. Qc2 Re8 11. e4 dxe4 12. dxe4 Bh7 13. Rad1 Rc8 14. Rfe1 Bb4 15. a3 Bf8 16. Qc3 Qc7 17. e5 Nh5 18. Ne4 Bxe4 19. Rxe4 g6 20. b4 Rcd8 21. c5 Nb8 22. Rd6 Kh7 23. Qc2 Bxd6 24. exd6 Qd7 25. Ne5 Qc7 26. Rd4 1-0

[Event "Abe Yanofsky mem. U1800"]
[Site "Winnipeg CAN"]
[Date "2012.07.29"]
[Round "5"]
[White "Gannon, Keith"]
[Black "Wolchock, Theo"]
[Result "1-0"]
[WhiteElo "1603"]
[BlackElo "1735"]
[PlyCount "69"]
[GameId "2160767909441885"]
[EventDate "2012.07.27"]
[EventType "swiss"]
[EventRounds "5"]
[EventCountry "CAN"]
[SourceTitle "EXT 2022"]
[Source "ChessBase"]
[SourceDate "2021.10.06"]
[SourceVersion "1"]
[SourceVersionDate "2021.10.06"]
[SourceQuality "1"]

1. e4 c5 2. Nf3 e6 3. Nc3 Nc6 4. d4 cxd4 5. Nxd4 Bb4 6. Nde2 Nf6 7. Bd2 O-O 8. a3 Ba5 9. b4 Bb6 10. Ng3 d5 11. exd5 exd5 12. Be2 Re8 13. O-O Nd4 14. Re1 Nxe2+ 15. Ncxe2 Ng4 16. Rf1 Bd7 17. a4 a6 18. h3 Ne5 19. Bc3 Bc6 20. Nd4 Bxd4 21. Bxd4 Rc8 22. Re1 Ng6 23. Rxe8+ Qxe8 24. Nf5 Qd7 25. Nxg7 Bxa4 26. Nh5 Qc6 27. Nf6+ Kf8 28. Nxh7+ Ke8 29. Nf6+ Kd8 30. Qh5 Nf4 31. Qh8+ Ke7 32. Re1+ Ne6 33. Qh4 Kd6 34. Qg3+ Ke7 35. Qe5 1-0

[Event "Abe Yanofsky mem. U1800"]
[Site "Winnipeg CAN"]
[Date "2012.07.29"]
[Round "5"]
[White "Green, Jim"]
[Black "Leaden, Bruce"]
[Result "1/2-1/2"]
[WhiteElo "1769"]
[BlackElo "1544"]
[PlyCount "62"]
[GameId "2160767909441886"]
[EventDate "2012.07.27"]
[EventType "swiss"]
[EventRounds "5"]
[EventCountry "CAN"]
[SourceTitle "EXT 2022"]
[Source "ChessBase"]
[SourceDate "2021.10.06"]
[SourceVersion "1"]
[SourceVersionDate "2021.10.06"]
[SourceQuality "1"]

1. e4 c5 2. Nf3 g6 3. c4 Nc6 4. Nc3 Bg7 5. d3 d6 6. Be2 Nf6 7. O-O O-O 8. Nd5 Bg4 9. Rb1 Bxf3 10. Bxf3 Nxd5 11. exd5 Nd4 12. Be3 a6 13. Bxd4 Bxd4 14. b4 b6 15. bxc5 bxc5 16. Qa4 Ra7 17. Rb3 Qd7 18. Qxd7 Rxd7 19. Rfb1 Ra8 20. Rb7 Rxb7 21. Rxb7 Kf8 22. Bd1 Bc3 23. Ba4 Rd8 24. g3 f5 25. Kg2 Kf7 26. h3 Kf6 27. f4 h5 28. h4 a5 29. Rb1 Rh8 30. Rb3 Bb4 31. Kf2 e6 1/2-1/2

[Event "Abe Yanofsky mem. U1800"]
[Site "Winnipeg CAN"]
[Date "2012.07.29"]
[Round "5"]
[White "Le Dorze, Philippe"]
[Black "Reimer, Bruce"]
[Result "1/2-1/2"]
[WhiteElo "1598"]
[BlackElo "1446"]
[PlyCount "93"]
[GameId "2160767909441887"]
[EventDate "2012.07.27"]
[EventType "swiss"]
[EventRounds "5"]
[EventCountry "CAN"]
[SourceTitle "EXT 2022"]
[Source "ChessBase"]
[SourceDate "2021.10.06"]
[SourceVersion "1"]
[SourceVersionDate "2021.10.06"]
[SourceQuality "1"]

1. c4 e5 2. g3 Nc6 3. Bg2 f5 4. Nc3 Nf6 5. d3 Be7 6. e4 fxe4 7. dxe4 O-O 8. Nge2 d6 9. O-O Be6 10. Nd5 Bxd5 11. cxd5 Nb8 12. Qb3 Qc8 13. Be3 Nbd7 14. Rac1 Ng4 15. Bh3 Nxe3 16. Qxe3 Qd8 17. f4 b6 18. Qc3 Rc8 19. Qc6 Nc5 20. Bxc8 Qxc8 21. f5 Bg5 22. Rc4 Qa6 23. Rc2 Nxe4 24. Qxc7 Qxa2 25. Qc4 Qxc4 26. Rxc4 Nd2 27. Rcc1 Nxf1 28. Rxf1 a5 29. Nc3 Be3+ 30. Kg2 Rc8 31. Kf3 Bc5 32. g4 Rf8 33. Ke4 g6 34. f6 h6 35. h4 Kf7 36. Nb5 Bb4 37. Na7 Ra8 38. Nc6 b5 39. Nxb4 axb4 40. g5 hxg5 41. hxg5 b3 42. Rg1 Ra4+ 43. Ke3 Rd4 44. Rh1 Rxd5 45. Rh7+ Kf8 46. Rh8+ Kf7 47. Rh7+ 1/2-1/2

[Event "Abe Yanofsky mem. U1800"]
[Site "Winnipeg CAN"]
[Date "2012.07.29"]
[Round "5"]
[White "Ott, Richard"]
[Black "Trueman, Francis"]
[Result "1/2-1/2"]
[WhiteElo "1581"]
[BlackElo "1504"]
[PlyCount "102"]
[GameId "2160767909441888"]
[EventDate "2012.07.27"]
[EventType "swiss"]
[EventRounds "5"]
[EventCountry "CAN"]
[SourceTitle "EXT 2022"]
[Source "ChessBase"]
[SourceDate "2021.10.06"]
[SourceVersion "1"]
[SourceVersionDate "2021.10.06"]
[SourceQuality "1"]

1. Nf3 d5 2. d3 c5 3. g3 Nc6 4. Nbd2 e6 5. Bg2 Bd6 6. O-O Nge7 7. e4 O-O 8. Qe2 Bc7 9. c3 Ng6 10. h4 Rb8 11. Re1 d4 12. c4 Bd7 13. e5 Nb4 14. Nf1 h6 15. N1h2 f6 16. exf6 Qxf6 17. Ng4 Qe7 18. a3 Nc6 19. h5 e5 20. Ngh2 Nh8 21. Nh4 Na5 22. Ng4 Nb3 23. Bd5+ Be6 24. Nxh6+ gxh6 25. Qg4+ Qg7 26. Bxe6+ Kh7 27. Qe4+ Ng6 28. hxg6+ Kh8 29. Rb1 Rf6 30. Qg4 Rbf8 31. Nf5 Qxg6 32. Qxg6 Rxg6 33. Bd7 Rgf6 34. g4 Nxc1 35. Rbxc1 R8f7 36. Bc8 h5 37. f3 hxg4 38. fxg4 Rg6 39. Nh4 Rg5 40. Bf5 Rfg7 41. Re4 Bd8 42. Nf3 Rxf5 43. Nxe5 Bc7 44. Rce1 Bxe5 45. Rxe5 Rxg4+ 46. Kh2 Rf2+ 47. Kh3 Rg7 48. Re8+ Kh7 49. R8e5 Rf3+ 50. Kh4 Rf4+ 51. Kh3 Rf3+ 1/2-1/2

[Event "Abe Yanofsky mem. U1800"]
[Site "Winnipeg CAN"]
[Date "2012.07.29"]
[Round "5"]
[White "Villeneuve, Justin"]
[Black "Enns, Edward"]
[Result "1-0"]
[WhiteElo "1211"]
[BlackElo "1136"]
[PlyCount "103"]
[GameId "2160767909441891"]
[EventDate "2012.07.27"]
[EventType "swiss"]
[EventRounds "5"]
[EventCountry "CAN"]
[SourceTitle "EXT 2022"]
[Source "ChessBase"]
[SourceDate "2021.10.06"]
[SourceVersion "1"]
[SourceVersionDate "2021.10.06"]
[SourceQuality "1"]

1. e4 e5 2. Nf3 Nc6 3. d4 d6 4. d5 Nce7 5. Bg5 Bg4 6. Bb5+ Bd7 7. Bxd7+ Qxd7 8. O-O Nf6 9. Nc3 Nxe4 10. Nxe4 h6 11. Bxe7 Bxe7 12. Qe2 f5 13. Nc3 O-O-O 14. Qb5 Qe8 15. Qxe8 Rhxe8 16. Rad1 Bf6 17. Rfe1 a6 18. h3 g5 19. a3 g4 20. hxg4 fxg4 21. Nd2 h5 22. Nde4 Be7 23. Ng3 h4 24. Nf5 Bg5 25. Ne4 Rf8 26. Ne3 Bf4 27. Nxg4 h3 28. gxh3 Rh8 29. Kg2 Rdg8 30. Nef6 Rg6 31. Rd3 Bg5 32. Ne4 Rf8 33. Nxg5 Rxg5 34. Rb3 Rf4 35. Rb4 Rf8 36. Re3 Rff5 37. Reb3 b6 38. Ra4 a5 39. Rc3 e4 40. Rxe4 Rxd5 41. Rec4 c5 42. Rd3 Rxd3 43. cxd3 b5 44. Re4 Kc7 45. h4 Rf5 46. Re7+ Kc6 47. Rh7 Rd5 48. h5 Rxd3 49. h6 b4 50. axb4 axb4 51. Rh8 Kd7 52. h7 1-0

[Event "Abe Yanofsky mem. U1800"]
[Site "Winnipeg CAN"]
[Date "2012.07.29"]
[Round "5"]
[White "Wasserman, Arie"]
[Black "Letain, Cory"]
[Result "1-0"]
[WhiteElo "1736"]
[BlackElo "1600"]
[PlyCount "91"]
[GameId "2160767909441892"]
[EventDate "2012.07.27"]
[EventType "swiss"]
[EventRounds "5"]
[EventCountry "CAN"]
[SourceTitle "EXT 2022"]
[Source "ChessBase"]
[SourceDate "2021.10.06"]
[SourceVersion "1"]
[SourceVersionDate "2021.10.06"]
[SourceQuality "1"]

1. e4 e5 2. Nf3 Nf6 3. Nc3 Nc6 4. Bc4 Be7 5. a3 O-O 6. d3 h6 7. h3 d6 8. O-O a6 9. Nd5 Be6 10. Nxe7+ Qxe7 11. Bxe6 Qxe6 12. Nh4 Kh7 13. f4 exf4 14. Qf3 Ne5 15. Qxf4 Nh5 16. Qf5+ g6 17. Qxe6 fxe6 18. Be3 g5 19. Nf3 Nxf3+ 20. gxf3 Nf4 21. Kh2 e5 22. Rg1 Ne2 23. Rg2 Nf4 24. Bxf4 Rxf4 25. Rg3 Raf8 26. Rf1 Kg6 27. Kg2 h5 28. Rf2 h4 29. Rg4 Rxg4+ 30. fxg4 Rf4 31. Rf3 Rxf3 32. Kxf3 Kf6 33. Ke3 c5 34. c3 b6 35. b3 Ke6 36. d4 d5 37. dxc5 bxc5 38. exd5+ Kxd5 39. Kd3 e4+ 40. Ke3 a5 41. b4 axb4 42. axb4 c4 43. b5 Kc5 44. b6 Kxb6 45. Kxe4 Kc5 46. Kf5 1-0

[Event "Ahuntsic"]
[Site "Montreal CAN"]
[Date "2012.04.15"]
[Round "1"]
[White "Chiku-Ratte, Olivier-Kenta"]
[Black "Sambuev, Bator"]
[Result "0-1"]
[WhiteElo "1839"]
[BlackElo "2514"]
[PlyCount "144"]
[GameId "2160767909509625"]
[EventDate "2012.04.15"]
[EventType "swiss (rapid)"]
[EventRounds "5"]
[EventCountry "CAN"]
[SourceTitle "EXT 2022"]
[Source "ChessBase"]
[SourceDate "2021.10.06"]
[SourceVersion "1"]
[SourceVersionDate "2021.10.06"]
[SourceQuality "1"]

1. d4 Nf6 2. c4 d6 3. Nc3 Nbd7 4. g3 g6 5. Bg2 Bg7 6. Nf3 O-O 7. O-O e5 8. dxe5 dxe5 9. Qc2 c6 10. Rd1 Qe7 11. Nd2 Nc5 12. b4 Ne6 13. Qb2 e4 14. e3 a5 15. a3 axb4 16. axb4 Rxa1 17. Qxa1 Ng5 18. h4 Nf3+ 19. Nxf3 exf3 20. Bxf3 Bg4 21. Bxg4 Nxg4 22. Bb2 Qxb4 23. Ba3 Qxc3 24. Qxc3 Bxc3 25. Bxf8 Kxf8 26. Rb1 c5 27. Rxb7 Bb4 28. Kf1 Ne5 29. Ke2 Nxc4 30. f3 h5 31. e4 Nd6 32. Rc7 Nb5 33. Rb7 Nd4+ 34. Kf2 Ne6 35. f4 Bc3 36. Kf3 Be1 37. f5 Nd4+ 38. Kf4 f6 39. g4 Bxh4 40. fxg6 Bg5+ 41. Kg3 h4+ 42. Kh3 Ne6 43. Rb6 Nf4+ 44. Kh2 Nxg6 45. Rc6 Ne5 46. Rxc5 Nxg4+ 47. Kg2 Kf7 48. Rc6 Ne5 49. Rc3 Kg6 50. Kh3 Kh5 51. Rc7 Nd3 52. Rh7+ Bh6 53. Re7 Nf4+ 54. Kh2 Kg4 55. e5 f5 56. e6 Bg5 57. Re8 Nd5 58. Rf8 f4 59. Kg2 Ne3+ 60. Kf2 h3 61. Rh8 Nf5 62. Rg8 f3 63. Rxg5+ Kxg5 64. Kxf3 Kh4 65. Kf2 Kg4 66. Kg1 Kg3 67. Kh1 Ne3 68. e7 Ng4 69. e8=Q Nf2+ 70. Kg1 h2+ 71. Kf1 h1=Q+ 72. Ke2 Qd1+ 0-1

[Event "Ahuntsic"]
[Site "Montreal CAN"]
[Date "2012.04.15"]
[Round "1"]
[White "Kovalyov, Anton"]
[Black "Robichaud, Louis"]
[Result "1-0"]
[WhiteElo "2142"]
[BlackElo "1648"]
[PlyCount "47"]
[GameId "2160767909509626"]
[EventDate "2012.04.15"]
[EventType "swiss (rapid)"]
[EventRounds "5"]
[EventCountry "CAN"]
[SourceTitle "EXT 2022"]
[Source "ChessBase"]
[SourceDate "2021.10.06"]
[SourceVersion "1"]
[SourceVersionDate "2021.10.06"]
[SourceQuality "1"]

1. c4 Nf6 2. Nc3 g6 3. e4 d6 4. d4 Bg7 5. Be2 O-O 6. Nf3 e5 7. Be3 Ng4 8. Bg5 f6 9. Bh4 Nh6 10. dxe5 dxe5 11. Qxd8 Rxd8 12. Nd5 g5 13. Nxc7 gxh4 14. Nxa8 Na6 15. Rd1 Nf7 16. O-O b6 17. c5 Nxc5 18. Nc7 Nxe4 19. Rxd8+ Nxd8 20. Rd1 Nb7 21. Bc4+ Kf8 22. Be6 Ned6 23. Bxc8 Nxc8 24. Ne6+ 1-0

[Event "Ahuntsic"]
[Site "Montreal CAN"]
[Date "2012.04.15"]
[Round "1"]
[White "Laurain, Guy1"]
[Black "Bolduc, Steve"]
[Result "0-1"]
[WhiteElo "1839"]
[BlackElo "2047"]
[PlyCount "72"]
[GameId "2160767909509627"]
[EventDate "2012.04.15"]
[EventType "swiss (rapid)"]
[EventRounds "5"]
[EventCountry "CAN"]
[SourceTitle "EXT 2022"]
[Source "ChessBase"]
[SourceDate "2021.10.06"]
[SourceVersion "1"]
[SourceVersionDate "2021.10.06"]
[SourceQuality "1"]

1. e4 e5 2. Nf3 Nc6 3. Bb5 a6 4. Ba4 Nf6 5. O-O Be7 6. Re1 b5 7. Bb3 d6 8. c3 O-O 9. h3 Na5 10. Bc2 c5 11. d4 Qc7 12. Nbd2 Bd7 13. Nf1 Nc4 14. b3 Nb6 15. Be3 Rac8 16. d5 g6 17. N1d2 Nh5 18. a4 bxa4 19. bxa4 a5 20. Bd3 Nf4 21. Bb5 Bxb5 22. axb5 a4 23. g3 Nh5 24. Qe2 Qd7 25. Kg2 f5 26. Bh6 Rf7 27. Nc4 Qxb5 28. Nxb6 Qxb6 29. Rxa4 fxe4 30. Qxe4 Nf6 31. Qc4 Nd7 32. Ng5 Bxg5 33. Bxg5 Qb7 34. Rd1 Nb6 35. Qa6 Nxa4 36. Qxa4 Qb2 0-1

[Event "Ahuntsic"]
[Site "Montreal CAN"]
[Date "2012.04.15"]
[Round "2"]
[White "Bolduc, Steve"]
[Black "Kovalyov, Anton"]
[Result "0-1"]
[WhiteElo "2047"]
[BlackElo "2142"]
[PlyCount "62"]
[GameId "2160767909509628"]
[EventDate "2012.04.15"]
[EventType "swiss (rapid)"]
[EventRounds "5"]
[EventCountry "CAN"]
[SourceTitle "EXT 2022"]
[Source "ChessBase"]
[SourceDate "2021.10.06"]
[SourceVersion "1"]
[SourceVersionDate "2021.10.06"]
[SourceQuality "1"]

1. d4 Nf6 2. c4 e6 3. Nc3 Bb4 4. Nf3 c5 5. g3 Nc6 6. d5 Na5 7. Nd2 Bxc3 8. bxc3 O-O 9. Bg2 d6 10. O-O Re8 11. e3 Rb8 12. Qe2 b6 13. Nb3 Ba6 14. Nxa5 bxa5 15. dxe6 fxe6 16. Bc6 d5 17. Bb5 Bxb5 18. cxb5 c4 19. a4 Ne4 20. f3 Nc5 21. Ba3 Nxa4 22. Qc2 Nb6 23. Bc5 Qc7 24. Ba3 Nd7 25. e4 Ne5 26. exd5 exd5 27. Qf5 Qf7 28. Qxf7+ Kxf7 29. f4 Nd3 30. Rfb1 Rb6 31. Ra2 a6 0-1

[Event "Ahuntsic"]
[Site "Montreal CAN"]
[Date "2012.04.15"]
[Round "2"]
[White "Sambuev, Bator"]
[Black "Masse, Hugues"]
[Result "1-0"]
[WhiteElo "2514"]
[BlackElo "1928"]
[PlyCount "69"]
[GameId "2160767909509629"]
[EventDate "2012.04.15"]
[EventType "swiss (rapid)"]
[EventRounds "5"]
[EventCountry "CAN"]
[SourceTitle "EXT 2022"]
[Source "ChessBase"]
[SourceDate "2021.10.06"]
[SourceVersion "1"]
[SourceVersionDate "2021.10.06"]
[SourceQuality "1"]

1. d4 Nf6 2. Nf3 g6 3. Bg5 Bg7 4. Nbd2 d5 5. e3 O-O 6. Be2 c5 7. c3 Nbd7 8. O-O b6 9. a4 a5 10. Ne5 Nxe5 11. dxe5 Nd7 12. f4 f6 13. exf6 Nxf6 14. Bf3 Bb7 15. Nc4 Qc7 16. Bxf6 dxc4 17. Bd5+ Kh8 18. Bxg7+ Kxg7 19. Bxc4 Rad8 20. Qc2 Rd6 21. Rad1 Rfd8 22. Be2 Rxd1 23. Rxd1 Rxd1+ 24. Qxd1 Be4 25. Bc4 Qc8 26. h3 Qc7 27. Kh2 Qc8 28. Bb5 Qb7 29. Qd2 h6 30. Qd8 Bxg2 31. Bc4 e6 32. Bxe6 Be4 33. Bc4 h5 34. Qg8+ Kf6 35. Qf8+ 1-0

[Event "Ahuntsic"]
[Site "Montreal CAN"]
[Date "2012.04.15"]
[Round "3"]
[White "Kovalyov, Anton"]
[Black "Sambuev, Bator"]
[Result "1-0"]
[WhiteElo "2142"]
[BlackElo "2514"]
[PlyCount "61"]
[GameId "2160767909509630"]
[EventDate "2012.04.15"]
[EventType "swiss (rapid)"]
[EventRounds "5"]
[EventCountry "CAN"]
[SourceTitle "EXT 2022"]
[Source "ChessBase"]
[SourceDate "2021.10.06"]
[SourceVersion "1"]
[SourceVersionDate "2021.10.06"]
[SourceQuality "1"]

1. d4 Nf6 2. c4 g6 3. Nc3 Bg7 4. e4 O-O 5. Be2 d6 6. Nf3 e5 7. Be3 Ng4 8. Bg5 f6 9. Bh4 g5 10. Bg3 Nh6 11. h3 Nc6 12. d5 Nd4 13. Nxd4 exd4 14. Qxd4 f5 15. Qd2 f4 16. Bh2 Nf7 17. h4 h6 18. hxg5 hxg5 19. f3 c5 20. dxc6 bxc6 21. c5 Be6 22. Bg1 Qf6 23. O-O-O Ne5 24. cxd6 c5 25. Nd5 Qd8 26. Ne7+ Kf7 27. Rh7 Bxa2 28. Qc3 Rh8 29. Rxg7+ Kxg7 30. Qxe5+ Kf7 31. Qf5+ 1-0

[Event "Ahuntsic"]
[Site "Montreal CAN"]
[Date "2012.04.15"]
[Round "3"]
[White "Voskanyan, Vahagn"]
[Black "Hebert, Jean"]
[Result "0-1"]
[WhiteElo "2238"]
[BlackElo "2388"]
[PlyCount "198"]
[GameId "2160767909509631"]
[EventDate "2012.04.15"]
[EventType "swiss (rapid)"]
[EventRounds "5"]
[EventCountry "CAN"]
[SourceTitle "EXT 2022"]
[Source "ChessBase"]
[SourceDate "2021.10.06"]
[SourceVersion "1"]
[SourceVersionDate "2021.10.06"]
[SourceQuality "1"]

1. e4 c5 2. Nf3 Nc6 3. d4 cxd4 4. Nxd4 e6 5. Nc3 a6 6. Be2 Nf6 7. O-O Qc7 8. Be3 Bb4 9. Re1 O-O 10. Bd3 Be7 11. Kh1 d6 12. f4 Nxd4 13. Bxd4 e5 14. fxe5 dxe5 15. Bg1 Be6 16. Qf3 Rfd8 17. Rf1 Bc5 18. Qg3 Nh5 19. Qg5 g6 20. Be2 Bxg1 21. Kxg1 Nf4 22. Rad1 Nxe2+ 23. Nxe2 Qc5+ 24. Kh1 Rxd1 25. Rxd1 Qxc2 26. Nc3 Qxb2 27. Nd5 Bxd5 28. exd5 Qe2 29. Rc1 Qd3 30. Qxe5 Rd8 31. h3 Qxd5 32. Qf6 Re8 33. a3 Qe6 34. Qb2 b5 35. Rf1 Qe5 36. Qf2 Re7 37. Qb6 Re6 38. Qa7 Rf6 39. Rg1 h5 40. Qa8+ Kg7 41. Qa7 Qc3 42. Qe7 Re6 43. Qd8 Qxa3 44. Rf1 Qd6 45. Qa5 Qd4 46. Rc1 Qe3 47. Rf1 Qe5 48. Rd1 Rf6 49. Rc1 h4 50. Rd1 Rd6 51. Rf1 Qd4 52. Qc7 Rd7 53. Qa5 b4 54. Rb1 b3 55. Qa3 Rb7 56. Qxa6 Rb6 57. Qe2 b2 58. Qc2 Re6 59. Qxb2 Qxb2 60. Rxb2 Re3 61. Kg1 g5 62. Kf2 Ra3 63. Rc2 Kg6 64. Rb2 Rc3 65. Ra2 f6 66. Rb2 Rc4 67. Ra2 Kf5 68. Rb2 Kf4 69. Ra2 Ke4 70. Re2+ Kd3 71. Re6 Rf4+ 72. Kg1 Kd4 73. Re7 Re4 74. Rd7+ Ke3 75. Rd6 f5 76. Ra6 Rd4 77. Ra5 Kf4 78. Ra3 g4 79. hxg4 fxg4 80. Kh2 Rb4 81. Rc3 Ke4 82. Ra3 Kd4 83. Ra8 Ke3 84. Rh8 g3+ 85. Kh3 Kf2 86. Rf8+ Kg1 87. Ra8 Rb2 88. Ra1+ Kf2 89. Ra4 Rb1 90. Ra2+ Kg1 91. Rc2 Rf1 92. Ra2 Re1 93. Kxh4 Kh2 94. Kg4 Rg1 95. Kf3 Rf1+ 96. Ke3 Kg1 97. Rb2 Rf2 98. Rb1+ Kxg2 99. Rb3 Rf7 0-1

[Event "Ahuntsic"]
[Site "Montreal CAN"]
[Date "2012.04.15"]
[Round "3"]
[White "Zhu, Hong Rui"]
[Black "Bolduc, Steve"]
[Result "0-1"]
[WhiteElo "1622"]
[BlackElo "2047"]
[PlyCount "91"]
[GameId "2160767909509632"]
[EventDate "2012.04.15"]
[EventType "swiss (rapid)"]
[EventRounds "5"]
[EventCountry "CAN"]
[SourceTitle "EXT 2022"]
[Source "ChessBase"]
[SourceDate "2021.10.06"]
[SourceVersion "1"]
[SourceVersionDate "2021.10.06"]
[SourceQuality "1"]

1. e4 e5 2. Nf3 Nc6 3. Bb5 a6 4. Ba4 Nf6 5. O-O Be7 6. Re1 b5 7. Bb3 d6 8. c3 O-O 9. h3 Na5 10. Bc2 c5 11. d4 Qc7 12. Nbd2 Bd7 13. Nf1 Nc4 14. Ne3 Nxe3 15. Bxe3 Rac8 16. Rc1 Rfe8 17. Bb1 h6 18. Qe2 Bf8 19. d5 c4 20. Nh2 a5 21. a3 Qb7 22. Bd2 g6 23. Ng4 Bxg4 24. hxg4 h5 25. gxh5 Nxh5 26. g3 Qd7 27. Kg2 f6 28. Rh1 Re7 29. Rh4 Rh7 30. Rch1 Rc7 31. g4 Nf4+ 32. Bxf4 Rxh4 33. Rxh4 exf4 34. Qf3 g5 35. Rh1 Bg7 36. Qh3 Kf8 37. Kf3 b4 38. axb4 axb4 39. Bc2 Ra7 40. Qf1 Qb5 41. Qb1 Qa5 42. Qe1 Qa2 43. Qb1 b3 44. Qxa2 Rxa2 45. Bb1 Rxb2 46. Kg2 0-1

[Event "Ahuntsic"]
[Site "Montreal CAN"]
[Date "2012.04.15"]
[Round "4"]
[White "Bolduc, Steve"]
[Black "Leung, Chin"]
[Result "1-0"]
[WhiteElo "2047"]
[BlackElo "1958"]
[PlyCount "70"]
[GameId "2160767909509633"]
[EventDate "2012.04.15"]
[EventType "swiss (rapid)"]
[EventRounds "5"]
[EventCountry "CAN"]
[SourceTitle "EXT 2022"]
[Source "ChessBase"]
[SourceDate "2021.10.06"]
[SourceVersion "1"]
[SourceVersionDate "2021.10.06"]
[SourceQuality "1"]

1. d4 Nf6 2. c4 e6 3. Nc3 Bb4 4. Nf3 c5 5. g3 b6 6. Bg2 Bb7 7. O-O O-O 8. d5 Bxc3 9. bxc3 exd5 10. Nh4 Ne4 11. cxd5 Nxc3 12. Qd3 Nxe2+ 13. Qxe2 Ba6 14. Qf3 Bxf1 15. Bxf1 d6 16. Nf5 Qf6 17. Nh6+ Kh8 18. Qxf6 gxf6 19. Bb2 Nd7 20. Bh3 Ne5 21. f4 Nf3+ 22. Kf2 Nd4 23. Rd1 Kg7 24. Bxd4 cxd4 25. Nf5+ Kg6 26. Rxd4 Rfd8 27. Rc4 b5 28. Rc7 b4 29. Ne7+ Kg7 30. Nc6 Re8 31. Be6 a5 32. Rxf7+ Kh8 33. Bf5 Ra6 34. Ne7 Rxe7 35. Rxe7 a4 1-0

[Event "Ahuntsic"]
[Site "Montreal CAN"]
[Date "2012.04.15"]
[Round "4"]
[White "Hebert, Jean"]
[Black "Kovalyov, Anton"]
[Result "0-1"]
[WhiteElo "2388"]
[BlackElo "2142"]
[PlyCount "122"]
[GameId "2160767909509634"]
[EventDate "2012.04.15"]
[EventType "swiss (rapid)"]
[EventRounds "5"]
[EventCountry "CAN"]
[SourceTitle "EXT 2022"]
[Source "ChessBase"]
[SourceDate "2021.10.06"]
[SourceVersion "1"]
[SourceVersionDate "2021.10.06"]
[SourceQuality "1"]

1. d4 Nf6 2. c4 e6 3. Nf3 b6 4. a3 Ba6 5. e3 d5 6. Nbd2 Bb7 7. b3 Bd6 8. Bb2 O-O 9. Bd3 Ne4 10. O-O Nd7 11. Qc2 Nxd2 12. Nxd2 Qh4 13. Nf3 Qh5 14. cxd5 exd5 15. h3 Rae8 16. Be2 Qh6 17. Ne5 Nf6 18. f4 Re7 19. b4 Ne4 20. Bf3 a6 21. Rac1 Ng3 22. Rfe1 Qe6 23. Bg4 Qh6 24. Bf3 Qe6 25. Qf2 Ne4 26. Bxe4 dxe4 27. f5 Qf6 28. Ng4 Qg5 29. f6 Rd7 30. fxg7 Kxg7 31. d5+ f6 32. Rf1 Rdf7 33. Qf5 Qxf5 34. Rxf5 Kg6 35. Rcf1 Be7 36. R1f4 h5 37. Nf2 Bd6 38. Nxe4 Bxf4 39. Rxf4 Bxd5 40. Ng3 Rd7 41. Nf5 Bb7 42. Bd4 Kg5 43. Kf2 Rff7 44. Kg3 Be4 45. Rxe4 Kxf5 46. Re8 Rg7+ 47. Kf3 h4 48. Rh8 Rg3+ 49. Kf2 Rdg7 50. Rh5+ Ke6 51. Rxh4 Rxg2+ 52. Kf3 R7g3+ 53. Kf4 Rg5 54. Rh6 Rf5+ 55. Ke4 c5 56. bxc5 bxc5 57. Bc3 Rc2 58. Ba5 Rc4+ 59. Kd3 Ra4 60. Bb6 Rxa3+ 61. Kc4 Ra4+ 0-1